Normal view
MARC view
- Moroni, Delfina
Entry Nombre Personal
001 - NUMERO DE CONTROL
- campo de control: 52030
003 - IDENTIFICADOR DE NUMERO DE CONTROL
- campo de control: DLC
005 - FECHA Y HORA DE LA ÜLTIMA TRANSACCIÓN
- campo de control: 20240523105737.0
008 - DATOS DE LONGITUD FIJA
- campo de control de longitud fija: 160920nn acnnnaabn |n aaa
010 ## - NÚMERO DE CONTROL DE LA BIBLIOTECA DEL CONGRESO
- Número de control LC: n 2016051412
040 ## - FUENTE DE CATALOGACIÓN
- Agencia original de catalogación: DLC
- Lenguaje de catalogación: spa
- Description conventions: rda
- Agencia de transcripción: DLC
- Agencia que lo modifica: DLC
- Agencia que lo modifica: MX-MxUPN
100 1# - ENCABEZAMIENTO - NOMBRE PERSONAL
- Nombre personal: Moroni, Delfina
370 ## - LUGAR ASOCIADO
- Associated country: Argentina
- Other associated place: Buenos Aires (Argentina)
- Other associated place: General San Martín (Buenos Aires, Argentina)
- Fuente del término: naf
373 ## - GRUPO ASOCIADO
- Associated group: Universidad de Buenos Aires
- Fuente del término: naf
373 ## - GRUPO ASOCIADO
- Associated group: Universidad Nacional de General San Martín. Escuela de Humanidades
- Fuente del término: naf
373 ## - GRUPO ASOCIADO
- Associated group: Centro Cultural de la Cooperación (Buenos Aires, Argentina)
- Fuente del término: naf
377 ## - LENGUA ASOCIADA
- Language code: spa
670 ## - FUENTE EN LA QUE SE LOCALIZARON DATOS
- Cita de la fuente: El imaginario antiimperialista en América Latina, 2015:
- Información localizada: portada (Delfina Moroni) página 251 (Argentine; editor; licentiate in letters from Univ. de Buenos Aires; master's candidate in Latin American studies at the Esc. de Humanidades, Univ. Nac. de San Martín; researcher, Dpto. de Literatura y Sociedad, Centro Cultural de la Cooperación Floreal Gorini)
670 ## - FUENTE EN LA QUE SE LOCALIZARON DATOS
- Cita de la fuente: Mis jufguetes preferidos, 2011 :
- Información localizada: cubierta posterior (Delfina Moroni)
902 ## - CATALOGADOR
- Catalogador: VíctorGodínez/230524
